00693nam a2200241 a 4500001001300000003000900013005001700022008004100039020001000080082001900090100002200109245003100131260003600162300000900198500003500207505001000242650002800252700002200280902000800302942000700310952011900317999001500436nice12345678IN_TiNIC20260116011836.0050524s1940 alla grp 000 0 eng  ac10000a891.43909bSAK aSaksena, Ram Babu aHistory of Urdu Literature aAllahabadbRam Narain Lalc1940 a374p aincludes index and biblioraphy2 aIndex aUrdu-Literature-history1 aSaksena, Ram Babu bSRS cBK 001040708StackRoom-aHMIbHMId2007-06-22g100.00l0o891.43909 SAKp08504r2007-06-22v100.00w2005-05-24yBK c4373d4373